000 00948nam a2200241Ia 4500
999 _c29883
_d29883
003 GCL
005 20240530102116.0
008 140319s1990 ua 000 0 ara d
020 _a9770125121
040 _aGCL /
_cGCL
082 0 4 _a937/
_bت ف
100 1 _aتوينبى، ارنولد
245 1 2 _aالفكر التاريخى عند الاغريق /
_cتاليف ارنولد توينبى ؛ ترجمة لمعى المطيعى ؛ مراجعة محمد صقر خفاجة
250 _aط.2
260 _aالقاهرة :
_bالهيئة المصرية العامة للكتاب ،
_c1990.
300 _a270 ص. ؛
_c24 سم.
490 0 _aالالف كتاب الثانى ؛
_v90.
650 0 7 _2qrmak
_aالروم
651 0 7 _2qrmak
_aالامبراطورية الرومانية
_xالاحوال الثقافية
700 0 _aلمعى المطيعى
_eمترجم
700 0 _aمحمد صقر خفاجة
_eمراجع
942 _2ddc
_cBK